00391nam a2200109Ia 4500008004100000082002100041100002600062245001700088260004400105300000900149650012300158211119s9999||||xx |||||||||||||| ||und|| a894.812 3bPAR-P aPariyadath, Jyothibai 0aPesamadantha bSahithya Pravarthaka...aKottayamc2015 a60p. aLiterature & rhetoricv Literatures of other languagesAltaic, Uralic, Hyperborean & Dravidian MalayalamxGeneral Stack